000 01148cam a22003377a 4500
003 CHAP
005 20220817043316.0
008 971013s1964 r 00010 d
010 _a71392
011 _a72364
035 _a81919
040 _cCHAP
082 _a338.10972
_bB36
110 _aBanco Internacional de Reconstrucción y Fomento
_99848
245 1 3 _a2An appraisal of the development program of Mexico
260 _a(México, D.F. ) :
_bEl Banco,
_c1964-
300 _av.
500 _aLa biblioteca tiene : v.3 anexo 2; Agriculture
590 _aBATCH-UPD
_b10
_c20130110
_lUCH01
_h1145
590 _aBATCH-UPD
_b10
_c20130410
_lUCH01
_h0730
590 _aBATCH-UPD
_b10
_c20130914
_lUCH01
_h0043
590 _aCONVERSION
_b10
_c20130109
_lUCH01
_h1339
650 1 4 _aAgricultura
_xAspectos economicos
_zMexico.
_91312
650 1 4 _aAgricultura
_xFinanzas
_xMexico.
_91493
650 1 4 _aAgricultura
_zMéxico.
_91932
650 1 4 _aIrrigación
_xProyectos
_xMéxico.
_960460
650 1 4 _aPolítica agrícola
_zMéxico.
901 _aBK
942 _cLIBRO
949 _a338.10972 B36
_bBC
_cLIBRO
_d33724000363552
_eLIBRO
_fv.3
_h40904
_i81919
_si
999 _c71392
_d71392